Proyecto de riego por goteo utilizando energía solar para el cultivo de aguacate en la finca Ojo de Agua en la localidad de San Francisco Libre
Presenta el diseño de un sistema de riego por goteo utilizando energía solar para el cultivo de aguacate, incluye diseño agronómico, diseño hidráulico y el establecimiento del sistema fotovoltaico para el sistema de riego por goteo.
| Main Authors: | , |
|---|---|
| Other Authors: | |
| Format: | Tesis Section = Libro |
| Language: | Undetermined Spanish |
| Published: |
Managua
UNI
2012
|
| Subjects: |
| LEADER | 01118nam a2200253Ia 4500 | ||
|---|---|---|---|
| 008 | 240830s9999 xx 000 0 und d | ||
| 040 | |a BIBLIOTECA-RUPAP Mon 631.587 A668 | ||
| 041 | |a spa | ||
| 082 | |a Mon 631.587 A668 | ||
| 100 | 1 | |a Arceda, Milton Rafael | |
| 100 | 1 | |b Hernández Flores, Ahiezer David | |
| 245 | 1 | 0 | |a Proyecto de riego por goteo utilizando energía solar para el cultivo de aguacate en la finca Ojo de Agua en la localidad de San Francisco Libre |
| 260 | |a Managua |b UNI |c 2012 | ||
| 300 | |a 134 p. :il. | ||
| 500 | |a Contiene: anexos e Incluye: CD. | ||
| 502 | |a Tesis (Ingeniero Agrícola)- UNI, 2012. | ||
| 520 | 3 | |a Presenta el diseño de un sistema de riego por goteo utilizando energía solar para el cultivo de aguacate, incluye diseño agronómico, diseño hidráulico y el establecimiento del sistema fotovoltaico para el sistema de riego por goteo. | |
| 650 | 7 | |a IRRIGACION - GOTEO | |
| 650 | 7 | |b ENERGIA SOLAR EN AGRICULTURA - RIEGO POR GOTEO | |
| 650 | 7 | |c BOMBA DE AGUA SOLAR. | |
| 700 | 1 | |a Tutor: |b Su Aguilar, Eduardo Agustín | |
| 942 | |c BK |2 ddc | ||
| 991 | |a TESIS | ||
| 999 | |c 16658 | ||